000 01273nam a22003497a 4500
003 CHAP
005 20220329143611.0
008 100823d2008 mx a r 00010 eng d
010 _a99117
011 _a100089
020 _a978.9706481672
035 _a110775
040 _cCHAP
090 _aFolleto 17747
245 0 0 _aEconomic and livelihood impacts of maize research in hill regions in Mexico and Nepal :
_bincludiing a method for collecting and analyzing spatial data using Google Earth
_c/por Roberto La Rovere ...[et al.]
260 _aMéxico, D. F. :
_bCIMMYT,
_c2008
300 _a24 p. :
_bills., cuadros
590 _aBATCH-UPD
_b10
_c20130110
_lUCH01
_h1340
590 _aBATCH-UPD
_b10
_c20130410
_lUCH01
_h0841
590 _aBATCH-UPD
_b10
_c20130914
_lUCH01
_h1711
590 _aCONVERSION
_b10
_c20130109
_lUCH01
_h1355
650 1 4 _aMaíz como alimento.
_971108
650 1 4 _aMaíz
_xAspectos económicos.
_970865
650 1 4 _aMaíz
_xInvestigación
_xMéxico.
_970991
650 1 4 _aMaíz
_xNepal.
_971024
700 1 _aLa Rovere, Roberto
_964246
901 _aBK
911 _aen proceso
942 _cFOLL
949 _aFolleto 17747
_bBC
_cFOLL
_d33724002137413
_eTS1
_i110775
_sb
949 _aFolleto 17747
_bBC
_cFOLL
_d33724002139248
_eTS2
_fc.2
_i110775
_sb
999 _c99117
_d99117